000 01382cam a22003251i 4500
001 32043
003 BD-RjUL
005 20211209051800.0
008 140423s1956 enk 001 0 eng
035 _a(BD-RjUL)32132
035 _a(OCoLC)2181039
040 _aDLC
_cNcGU
_dBD-RjUL
_beng
041 _aeng
082 0 0 _a193
_bCLL 1956
100 1 _aClarke, Samuel,
_d1675-1729.
_997531
245 1 4 _aThe Leibniz-Clarke correspondence :
_btogether with extracts from Newton's Principia and Opticks /
_cedited with introd. and notes by H. G. Alexander.
260 _aManchester :
_bManchester University Press ;
_c1956.
300 _alvi, 200 p. ;
_c19 cm.
500 _aWith reproduction of original t. p.: A collection of papers, which passed beween the late learned Mr. Leibnitz and Dr. Clarke, in the years 1715 and 1716 ... London, Printed for J. Knapton, 1717.
500 _a"The text follows ... that of the first edition of 1717."
504 _aIncludes index.
650 0 _aPhilosophers
_xCorrespondence, reminiscences, etc.
_997532
700 1 _aLeibniz, Gottfried Wilhelm,
_cFreiherr von,
_d1646-1716.
_997533
700 1 _aNewton, Isaac,
_d1642-1727.
_997534
700 1 _aAlexander, H. G.
_q(Henry Gavin),
_d1925-
_eed.
_997535
942 _2ddc
_cBK
999 _c32043
_d32043